00460nam a22001697a 450000500170000001000150001702000260003203500140005803700090007208200130008124500480009425000060014226000450014827000490019330000210024270000270026320250221143828.0 aENG-143822 a9789393166227c600.00 aEN-127354 bDBAD a796.421 aResearch Substance/cEdited by Mahjabi Khan a1 aKanpurbSocial research foundationc2022 bkanpura128/170,H-block,kidwai nagare208011 a222p.c21cm(hbk) aKhan, Mahjabi eEditor